| 000 | 01346cam a22003977a 4500 | ||
|---|---|---|---|
| 003 | CHAP | ||
| 005 | 20220329134956.0 | ||
| 008 | 971013s1983 r 00010 d | ||
| 010 | _a28940 | ||
| 011 | _a29912 | ||
| 035 | _a34023 | ||
| 040 | _cCHAP | ||
| 090 | _aFolleto 7844y | ||
| 100 | 0 | 0 |
_aLeguizamón, C. J. _965679 |
| 245 | 1 | 0 | _aContribución al estudio de la resistencia parcial del cafeto a Hemileia vastatrix Berk & Br. |
| 260 |
_a(s.l.) : _bIICA, _c1983 |
||
| 300 |
_a24 p. _b: ilus. ; gráfs. |
||
| 490 | 0 |
_aPublicaciones misceláneos _v; 458 |
|
| 590 |
_aBATCH-UPD _b10 _c20130110 _lUCH01 _h2047 |
||
| 590 |
_aBATCH-UPD _b10 _c20130410 _lUCH01 _h1400 |
||
| 590 |
_aBATCH-UPD _b10 _c20130914 _lUCH01 _h0627 |
||
| 590 |
_aBATCH-UPD _b10 _c20130914 _lUCH01 _h2121 |
||
| 590 |
_aCONVERSION _b10 _c20130109 _lUCH01 _h1317 |
||
| 650 | 1 | 4 |
_aCafé _xMejoramiento. _917168 |
| 650 | 1 | 4 |
_aCafé _xPlagas. _917181 |
| 650 | 1 | 4 |
_aCafé _xVariedades resistentes a plagas. _917210 |
| 650 | 1 | 4 |
_aHemileia vastatrix. _953502 |
| 700 | 0 |
_aBieysee, D. _912658 |
|
| 700 | 0 |
_aLotode, R. _968594 |
|
| 700 | 0 |
_aMuller, R. A. _979444 |
|
| 830 | 0 |
_aPublicaciones misceláneos _v; 458 _992707 |
|
| 901 | _aBK | ||
| 942 | _cFOLL | ||
| 949 |
_aFolleto 7844y _bBC _cFOLL _d-78873 _eTS1 _i34023 _mD _si |
||
| 949 |
_aFolleto 7844y _bBC _cFOLL _d-78874 _eTS2 _fc.2 _i34023 _mD _si |
||
| 999 |
_c28940 _d28940 |
||